| 000 | 00577nam a2200205Ia 4500 | ||
|---|---|---|---|
| 003 | OSt | ||
| 005 | 20240927115703.0 | ||
| 008 | 210210b1935 xxu||||| |||| 00| 0 eng d | ||
| 040 | _cAL | ||
| 041 | _aHindi | ||
| 082 | _a465/26 | ||
| 100 |
_aBHAMMI (Jagannath Prasad) _d जगन्नाथ प्रसाद भम्मी _9180540 |
||
| 245 |
_aChand Prabhakar _bचाँद प्रभाकर |
||
| 260 |
_aMadras _b- _c1935 |
||
| 650 |
_aPrabhakar _9180541 |
||
| 650 |
_aChand _9180542 |
||
| 690 |
_aHindi Grammar _9180543 |
||
| 906 | _a006860 | ||
| 942 |
_2ddc _cBK |
||
| 999 |
_c140941 _d140941 |
||